Normal view
MARC view
Entry Personal Name
001 - CONTROL NUMBER
- control field: 264885
003 - CONTROL NUMBER IDENTIFIER
- control field: OSt
005 - DATE AND TIME OF LATEST TRANSACTION
- control field: 20220925203133.0
008 - FIXED-LENGTH DATA ELEMENTS
- fixed length control field: 220925|| aca||aabn | a|a d
040 ## - CATALOGING SOURCE
- Original cataloging agency: OSt
- Transcribing agency: OSt
100 ## - HEADING--PERSONAL NAME
- Personal name: Louis J A H
670 ## - SOURCE DATA FOUND
- Source citation: Work cat.: (OSt)545276: Louis J A H, The Gates of Thibet, 1972
